000 00770nam a2200241 a 4500
001 6877
003 BD-RjUL
005 20211208234329.0
008 160827r19711968nyu b 001 0 eng
035 _a(BD-RjUL)6919
040 _aDLC
_cDLC
_dDLC
_dBD-RjUL
_beng
041 _aeng
082 0 0 _223
_a512.4
_bHEN 1971
100 1 _aHerstein, I. N.
_921597
245 1 0 _aNoncommutative rings /
_cby I. N. Herstein.
260 _aBuffalo :
_bMathematical Association of America; distributed by J. Wiley,
_cc1968 [Printing 1971]
300 _axi, 199 p. ;
_c20 cm.
504 _aIncludes bibliographies and indexes.
650 0 _aNoncommutative rings.
_921599
650 0 _aRings, Algebra
_9151473
942 _2ddc
_cBK
999 _c6877
_d6877